| 000 | 00398nam a22001577a 4500 | ||
|---|---|---|---|
| 003 | OSt | ||
| 008 | 190523b ||||| |||| 00| 0 eng d | ||
| 020 | _a9788176223508 | ||
| 082 |
_a630.68 _bRAM/AG |
||
| 245 |
_aAgribusiness Management _bA training manual |
||
| 260 |
_aNew Delhi _bBiotech Books _c2016 |
||
| 300 | _a232 p. | ||
| 700 |
_aRam Singh _95207 |
||
| 700 |
_aFeroze S M _95208 |
||
| 942 | _cBK | ||
| 999 |
_c15648 _d15648 |
||